000
00292nam a22001337a 4500
008
181101b xxu||||| |||| 00| 0 eng d
020
_a
0192813897
041
_a
eng
080
_a
370
100
_a
45
101
_a
EDU
245
_a
Modern English usage
_c
Sir Ernest.g
942
_2
udc
_c
BK
999
_c
51526
_d
51526